Piłka nożna - kluby piłkarzy #2 - Statystyki

Ogólne statystyki
  • Ten quiz został rozwiązany 113 razy
  • Średni wynik to 12 z 15
Statystyki odpowiedzi
zawodnik klub(y) inny klub, w którym
występował zawodnik
% Poprawnych
Gareth Bale Real Madryt Southampton | Tottenham | LA FC
94%
Raphael Varane Real Madryt Lens | Manchester United | Como
93%
Gianluigi Buffon Juventus Parma | PSG
93%
Thiago Alcantara Bayern Monachium,Liverpool FC Barcelona
91%
Cole Palmer Chelsea Manchester City
86%
Nani Manchester United Sporting | Fenerbahce | Valencia | Lazio | Orlando | Venezia | Melbeourne | Adana | Estrela
86%
Manuel Akanji Manchester City FC Winterthur | FC Basel | Borussia | Inter
85%
James Milner Liverpool Leeds | Swindon Town | Newcastle | Aston Villa |Manchester City | Brighton
83%
Alexis Sanchez FC Barcelona, Arsenal,Manchester United Cobreloa | Udinese | Colo-Colo | River Plate | Inter | Olympique Marsylia | Sevilla
79%
David Luiz PSG, Chelsea Vitoria | Benfica | Arsenal | Flamengo | Fortaleza | Pafos
79%
Cesar Azpilicueta Chelsea Osasuna | Olympique Marsylia | Atletico | Sevilla
77%
Jan Vertonghen Tottenham Ajax | RKC Waalwijk | Benfica | Anderlecht
76%
Denzel Dumfries Inter Sparta Rotterdam | Heerenveen | PSV
76%
Dejan Kulusevski Tottenham Atalanta | Parma | Juventus
72%
Dries Mertens Napoli Utrecht | PSV | Galatasaray
68%
Nie znaleziono quizów pasujących do podanych kryteriów
Rozkład punktacji
Procent ludzi z każdym wynikiem
Percentyl według liczby udzielonych odpowiedzi
Twoja historia wyników
Nie rozwiązałeś tego quizu